Statistics for Pick a Picture - Musical Instruments

Click here to take the quiz!

General Stats

  • This quiz has been taken 37,833 times
  • The average score is 10 of 14

Answer Stats

QuestionAnswer% Correct
Which of these is a ukulele?
97%
Which of these is an accordion?
95%
Which of these is a cello?
90%
Which of these is a clarinet?
90%
Which of these is a trombone?
89%
Which of these is a didgeridoo?
84%
Which of these is an ocarina?
80%
Which of these is a cabasa?
75%
Which of these is a hurdy-gurdy?
66%
Which of these is a kalimba?
61%
Which of these is a glockenspiel?
52%
Which of these is a steelpan?
51%
Which of these is a harpsichord?
51%
Which of these is a balalaika?
48%

Score Distribution

Percentile by Number Answered

Percent of People with Each Score

Your Score History

You have not taken this quiz